Responses for Show #6213 - Wednesday, September 28, 2011

Contestants

[<< previous game]

Libby Nelson, a journalist from Kansas City, Missouri

Sergio Llorian, an attorney from New York, New York

Matt Douma, a standardized test scorer from Minneapolis, Minnesota (whose 2-day cash winnings total $54,100)

[next game >>]

Jeopardy! Round responses

INVENTORS & INVENTIONS
IF THEY MARRIED
TRIPLE THE FUN
BLANK VERSE
BEHIND BARS
2-LETTER RESPONSES
    $200 1
spray paint

Libby
    $200 8
Dakota North

Matt
    $200 26
straw, wood & brick

Libby
    $200 10
truth

Sergio
    $200 17
a dash

Sergio
    $200 3
ER

Sergio
    $400 2
Thomas Edison

Triple Stumper
    $400 11
Maggie May

Matt
    $400 27
the Niña, the Pinta & the Santa María

Matt
    $400 22
milk

Libby
    $400 18
on the rocks

Sergio
    $400 4
Rx

Matt
    $600 9
(Matt: What is zinc?)

tin

MattLibby
    $600 12
Robin Banks

Matt
    $600 28
swimming, running & bicycling

Matt
    $600 23
wood

Libby
    $600 19
(Libby: What is on the side?)

a back

Libby
Triple Stumper
    $600 5
LG

Matt
    $800 15
(Sergio: What is a Snuggie?)

a Snugli

Sergio
Triple Stumper
    $800 13
(Libby: Who is Isabel Bailey?)

Isabel Ringling

Libby
Triple Stumper
    $800 29
Connecticut, New York & New Jersey

Matt
    $800 24
fear to tread

Libby
    $800 20
vermouth

Sergio
    $800 6
B.O.

Matt
    $1000 16
the autogiro

Triple Stumper
    $1000 14
Fiona Apple-Martini

Triple Stumper
    $1000 30
planet

Sergio
    $1,000 25
grave

Libby
    $1000 21
muddle

Libby
    $1000 7
XY

Sergio

Scores at the first commercial break (after clue 16):

Matt Sergio Libby
$2,400 $600 $0

Scores at the end of the Jeopardy! Round:

Matt Sergio Libby
$4,200 $3,000 $3,400

Double Jeopardy! Round responses

DAMN YANKEES
HELLO, DOLLY!
KISS ME, KATE
AVENUE QUEUE
(Alex: And you have to name the city where these streets are found.)
KISMET
BROADWAY MUSICALS
    $400 1
Clara Barton

Matt
    $400 17
G.I. Joe

Matt
    $400 12
Winslet

Sergio
    $400 2
Dublin

Triple Stumper
    $400 22
luck

Matt
    $400 11
Shrek

Matt
    $800 7
Thomas Nast

Matt
    $800 18
Marie Osmond

Sergio
    $800 13
(Kate) Hudson

Matt
    $800 3
Detroit

Matt
    $800 23
karma

Sergio
    $800 27
The Pajama Game

Sergio
    $1200 8
George Armstrong Custer

Triple Stumper
    $1200 19
nesting dolls

Libby
    $1200 14
Capshaw

Sergio
    $1200 4
Manila

Sergio
    $1200 24
fortune

Sergio
    $1200 28
the Addams Family

Matt
    $2,000 9
(Matt: Um... Who is Nimitz?)
(Alex: No... [chuckles] Nimitz, I guess, is a lot older than we all thought.)

David Farragut

Matt
    $1600 20
American Girl

Matt
    $1600 15
(Alex: One of my favorite shows.)

Private Practice

Triple Stumper
    $1,000 5
(Sergio: What is... Lexington?)

Boston

Sergio
    $1600 25
the Fates

Matt
    $1600 29
Lestat

Sergio
    $2000 10
Winslow Homer

Libby
    $2000 21
Maureen McCormick

Sergio
    $2000 16
(Katharine) Hepburn

Sergio
    $2000 6
Johannesburg

Matt
    $2000 26
destiny

Matt
    $2000 30
Book of Mormon

Sergio

Scores at the end of the Double Jeopardy! Round:

Matt Sergio Libby
$14,600 $16,000 $6,600

[wagering suggestions for these scores]

Final Jeopardy! Round responses

THE CHANGING U.S.A.
LibbyWhat is the population center
$6,599
MattWhat is the center of population?
$14,600
SergioWhat is the population center?
$13,201
the mean center of population

Final scores:

Matt Sergio Libby
$29,200 $29,201 $13,199
2nd place: $2,000 New champion: $29,201 3rd place: $1,000

Game dynamics:

Coryat scores:

Matt Sergio Libby
$16,600 $17,000 $6,600
21 R,
2 W
(including 1 DD)
18 R,
2 W
(including 1 DD)
10 R
(including 1 DD),
2 W

Combined Coryat: $40,200

[game clues] [game scores] [suggest correction]

Game tape date: 2011-08-23
The J! Archive is created by fans, for fans. Scraping, republication, monetization, and malicious use prohibited; this site may use cookies and collect identifying information. See terms. The Jeopardy! game show and all elements thereof, including but not limited to copyright and trademark thereto, are the property of Jeopardy Productions, Inc. and are protected under law. This website is not affiliated with, sponsored by, or operated by Jeopardy Productions, Inc. Join the discussion at JBoard.tv.